| 000 | 00334nam a2200133Ia 4500 | ||
|---|---|---|---|
| 005 | 20260328104253.0 | ||
| 008 | 260328s9999||||xx |||||||||||||| ||und|| | ||
| 100 | _aLloyd Wright, Olgivanna | ||
| 245 | 4 |
_aThe Struggle Within / _cOlgivanna Lloyd Wright |
|
| 260 | _bHorizon | ||
| 300 | _a176 p. | ||
| 650 | _aARQUITECTURA | ||
| 942 | _cBK | ||
| 999 |
_c10324 _d10324 |
||